Individual excellence : improving personal effectiveness at work
Αποθηκεύτηκε σε:
| Κύριος συγγραφέας: | |
|---|---|
| Άλλοι συγγραφείς: | |
| Μορφή: | Βιβλίο |
| Γλώσσα: | English |
| Δημοσίευση: |
London :
Kogan Page,
c1992
|
| Θέματα: | |
| Ετικέτες: |
Προσθήκη ετικέτας
Δεν υπάρχουν, Καταχωρήστε ετικέτα πρώτοι!
|
MARC
| LEADER | 00000nam a2200000 i 4500 | ||
|---|---|---|---|
| 001 | 1/45946 | ||
| 008 | 971205s1996 eng d | ||
| 020 | |a 0-7494-0705-0 | ||
| 035 | |l 10026232 | ||
| 040 | |a GR-MY-UA |b gre |e aacr | ||
| 041 | 0 | |a eng | |
| 082 | 0 | |a 658.3124 | |
| 100 | 1 | |a Lewis, Ralph G. |d 1935- | |
| 245 | 1 | 0 | |a Individual excellence : |b improving personal effectiveness at work / |c Ralph Lewis, Phil Lowe |
| 260 | |a London : |b Kogan Page, |c c1992 | ||
| 300 | |a 98 p. | ||
| 650 | 0 | 0 | |a Personnel management. |
| 700 | 1 | |a Lowe, Phil. | |
| 852 | |a INST |b CHIOS |e 19971205 |h 658.3124 LEW |p 005200010245 |q 005200010245 |t BK |y 0 | ||
| 901 | |a BIBL-1997-3 | ||
| 909 | |a Χ |b 051400 | ||